Loading...

Red rice for Bhagavati

Bibliografiske detaljer
Hovedforfatter: Jenett, Dianne
Format: Printed Book
Udgivet: ReVision, 1998
Fag:
Online adgang:http://10.26.1.76/ks/001682.pdf
LEADER 003930000a22001330004500
100 |a Jenett, Dianne  |9 23552 
245 |a Red rice for Bhagavati 
260 |b ReVision,   |c 1998 
300 |b Vol. 20, Issue 3 
650 |a ATTUKAL PONGALA  |9 23553 
856 |u http://10.26.1.76/ks/001682.pdf 
942 |c KS 
999 |c 71070  |d 71070 
952 |0 0  |1 0  |4 0  |7 0  |9 63034  |a MGUL  |b MGUL  |d 2015-08-01  |l 0  |r 2015-08-01  |w 2015-08-01  |y KS